Quiz o Geografii - Poziom 1 - Statystyki

Ogólne statystyki
  • Ten quiz został rozwiązany 73 razy
  • Średni wynik to 13 z 15
Statystyki odpowiedzi
Pytanie Odpowiedź % Poprawnych
Stolica Rosji Moskwa
98%
Stolica Holandii Amsterdam
94%
Stolica portugalii Lizbona
94%
Na tym kontynencie jest baaardzo zimno 🥶 Antarktyda
92%
Stolica Danii Kopenhaga
92%
Wpisz jedno z trzech państw leżącym na półwyspie skandynawskim Szwecja | Norwegia | Finlandia
92%
Stolica Chin Pekin
91%
Do tego państwa należy Alaska Stany Zjednoczone
91%
Najwyższy szczyt Polski Rysy
89%
Stolicą tego państwa jest Kair Egipt
88%
Najwyższy szczyt ziemi Mount Everest
88%
Największa planeta układu słonecznego Jowisz
86%
Największą prowincją tego państwa jest Bawaria Niemcy
83%
Magyarovszag to po polsku nazwa którego państwa Węgry
70%
Najgłębszy rów w oceanie Rów Mariański
61%
Nie znaleziono quizów pasujących do podanych kryteriów
Rozkład punktacji
Procent ludzi z każdym wynikiem
Percentyl według liczby udzielonych odpowiedzi
Twoja historia wyników
Nie rozwiązałeś tego quizu